| 000 | 00526cam a2200181 4500500 | ||
|---|---|---|---|
| 005 | 20260405001955.0 | ||
| 041 | _afre | ||
| 042 | _adc | ||
| 100 | 1 | 0 |
_aPersonne, Thomas _eauthor |
| 245 | 0 | 0 | _aPop théologie |
| 260 | _c2015. | ||
| 500 | _a10 | ||
| 690 | _aCapitalisme | ||
| 690 | _aMark Alizart | ||
| 690 | _aMax Weber | ||
| 786 | 0 | _nPhilosophie magazine | 88 | 4 | 2015-04-01 | p. 63-63 | 1951-1787 | |
| 856 | 4 | 1 | _uhttps://shs.cairn.info/magazine-philosophie-magazine-2015-4-page-63?lang=fr&redirect-ssocas=7080 |
| 999 |
_c2052894 _d2052894 |
||